[Event "British Chess Championships 2023: First Rapidplay U1450"]
[Site "The Venue, De Montfort University, 20 Western Boulevard, Leicester, LE2 7BU"]
[Date "2023.07.21"]
[Round "1"]
[Board "1"]
[White "Van Neerven, Yvon"]
[Black "Clare, Philip"]
[Result "0-1"]
[WhiteElo "1228"]
[BlackElo "1371"]
[PlyCount "0"]
[EventDate "2023.07.21"]
[EventRounds "7"]
[EventCountry "ENG"]

1. d4 Nf6 2. c4 g6 3. Nc3 Bg7 4. e4 d6 5. Nf3 O-O 6. Bd3 Nbd7 7. O-O e5 8. d5 Nc5
9. Be3 Nxd3 10. Qxd3 Bg4 11. Bg5 h6 12. Bh4 g5 13. Bg3 Nh5 14. Rac1 Nxg3 15. fxg3
f5 16. Nd2 Qd7 17. Qe3 f4 18. gxf4 exf4 19. Qe1 Rae8 20. Nf3 c6 21. Rc2 cxd5 22.
cxd5 a6 23. Qc1 b5 24. Nb1 Rxe4 25. Rc7 Qf5 26. Ra7 Bxf3 27. Rxf3 Re2 28. Rf1 Qxd5
29. Rf2 Rxf2 30. Rxg7+ Kxg7 31. Kxf2 Qc5+ 32. Qxc5 dxc5 33. Nc3 Rd8 34. Ne4 c4 35.
Kf3 Kg6 36. Kg4 Rd4 37. Nf2 Rd2 38. Nh3 Rxg2+ 39. Kf3 Rxh2 40. Nf2 Kf5  0-1

[Event "British Chess Championships 2023: First Rapidplay U1450"]
[Site "The Venue, De Montfort University, 20 Western Boulevard, Leicester, LE2 7BU"]
[Date "2023.07.21"]
[Round "1"]
[Board "2"]
[White "Butler, Rene"]
[Black "Vijayanand, Sanjai Rathinam"]
[Result "0-1"]
[WhiteElo "1359"]
[BlackElo "1226"]
[PlyCount "0"]
[EventDate "2023.07.21"]
[EventRounds "7"]
[EventCountry "ENG"]

1. d4 d5 2. Nf3 Nf6 3. Bg5 h6 4. Bxf6 exf6 5. e3 Bg4 6. c4 Bxf3 7. Qxf3 c6 8. c5
Nd7 9. Bd3 Be7 10. O-O O-O 11. Nd2 b6 12. b4 a5 13. Rfb1 b5 14. Qf5 g6 15. Qf4 Kg7
16. Qg3 Qb8 17. Qxb8 Raxb8 18. bxa5 Ra8 19. Nb3 f5 20. a4 Rfb8 21. axb5 cxb5 22.
Nd2 b4 23. Bc2 Bd8 24. Bb3 Nf6 25. a6 Rc8 26. Ba4 Rxa6 27. Rxb4 Ba5 28. Rb2 Bc3 29.
Rba2 Bxa1 30. Rxa1 Rca8 31. Rc1 Rxa4 32. Nb3 Rc4 33. Rb1 Rb8 34. h3 Ne4 35. Rb2 Rcb4
36. c6 Rxb3 37. Rc2 Rc8  0-1

[Event "British Chess Championships 2023: First Rapidplay U1450"]
[Site "The Venue, De Montfort University, 20 Western Boulevard, Leicester, LE2 7BU"]
[Date "2023.07.21"]
[Round "1"]
[Board "4"]
[White "Boothman, Jeffrey A"]
[Black "Hilmi, Sofia"]
[Result "0-1"]
[WhiteElo "1352"]
[BlackElo "1128"]
[PlyCount "0"]
[EventDate "2023.07.21"]
[EventRounds "7"]
[EventCountry "ENG"]

1. d4 d5 2. Bf4 Nc6 3. Nf3 Nf6 4. e3 a6 5. c3 Bg4 6. Bd3 e6 7. Nbd2 Bd6 8. O-O O-O
9. Re1 h6 10. e4 Bxf4 11. e5 Bxd2 12. Qxd2 Nh7 13. Nh4 Qxh4 14. f3 Bh5 15. Qc2 f5
16. exf6 Nxf6 17. Rxe6 Rae8 18. Rxe8 Rxe8 19. Qd2 b5 20. Bc2 Na5 21. g3 Qg5 22. f4
Qg4 23. Kf2 Re2+ 24. Qxe2 Qxe2+ 25. Kxe2  0-1

[Event "British Chess Championships 2023: First Rapidplay U1450"]
[Site "The Venue, De Montfort University, 20 Western Boulevard, Leicester, LE2 7BU"]
[Date "2023.07.21"]
[Round "1"]
[Board "5"]
[White "Ewart, Samuel"]
[Black "Patel, Diah"]
[Result "0-1"]
[WhiteElo "1086"]
[BlackElo "1331"]
[PlyCount "0"]
[EventDate "2023.07.21"]
[EventRounds "7"]
[EventCountry "ENG"]

1. d4 d5 2. Bf4 Nf6 3. Nf3 Nc6 4. e3 g6 5. c3 Bg7 6. Bd3 Bd7 7. Nbd2 O-O 8. O-O h6
9. h4 Bg4 10. Qe2 Nh5 11. Bg3 Nxg3 12. fxg3 e5 13. dxe5 Nxe5 14. Rad1 Nxd3 15. Qxd3
Qd6 16. Kh2 Be5 17. Rde1 Bxg3+ 18. Kg1 Bxe1 19. Rxe1 c5 20. b3 b5 21. Qxb5 Qg3 22.
Qxc5 Bxf3 23. Nxf3 Rac8 24. Qxd5 Rxc3 25. Qd4 Rc2 26. Nd2 Qxe1+ 27. Nf1 Qf2+ 28.
Kh1 Qxg2#  0-1

[Event "British Chess Championships 2023: First Rapidplay U1450"]
[Site "The Venue, De Montfort University, 20 Western Boulevard, Leicester, LE2 7BU"]
[Date "2023.07.21"]
[Round "1"]
[Board "6"]
[White "Dean, Phil"]
[Black "Krishna, Vedansh"]
[Result "0-1"]
[WhiteElo "1278"]
[BlackElo "1013"]
[PlyCount "0"]
[EventDate "2023.07.21"]
[EventRounds "7"]
[EventCountry "ENG"]

1. e4 c6 2. d4 d5 3. e5 Bf5 4. c4 e6 5. Nc3 Bb4 6. Bd2 Bxc3 7. bxc3 Ne7 8. Qb3 Qb6
9. Nf3 O-O 10. Be2 Nd7 11. O-O c5 12. Bc1 Nc6 13. Ba3 Rfe8 14. Bd1 cxd4 15. cxd4
dxc4 16. Qxc4 Na5 17. Qc3 Rec8 18. Qd2 Nc4 19. Qc1 Ncxe5 20. Qg5 Nxf3+ 21. Bxf3 Rc3
22. Bc1 Qxd4 23. Be3 Qf6 24. Bxb7 Qxg5 25. Bxg5 Rb8 26. Bf3 Ne5 27. Rfd1 Nxf3+ 28.
gxf3 Rxf3 29. Rd7 a5 30. Rad1 h6 31. Bh4 Bg4 32. R1d4 Bf5 33. Kg2 Ra3 34. Rd2 e5
35. Bg3 Bxd7 36. Rxd7 Rxa2 37. Bxe5 Re8 38. Bg3 a4 39. Kf3 a3 40. Rd3 Ra8 41. Ke4
Re2+ 42. Kf5 a2 43. Be5 Rxe5+ 44. Kxe5 a1=Q+ 45. Kd6 Ra6+ 46. Ke7 Qe5+ 47. Kd8 Rd6+
48. Rxd6 Qxd6+ 49. Kc8 Qe7 50. Kb8 Kh7 51. h4 Kg6 52. f4 Kf6 53. f5 Ke5 54. f6 gxf6
55. h5 Kd6 56. Kc8 Qc7#  0-1

[Event "British Chess Championships 2023: First Rapidplay U1450"]
[Site "The Venue, De Montfort University, 20 Western Boulevard, Leicester, LE2 7BU"]
[Date "2023.07.21"]
[Round "1"]
[Board "7"]
[White "Ewart, Thomas"]
[Black "Boothman, George D"]
[Result "0-1"]
[WhiteElo "1002"]
[BlackElo "1252"]
[PlyCount "0"]
[EventDate "2023.07.21"]
[EventRounds "7"]
[EventCountry "ENG"]

1. d4 g6 2. c4 Bg7 3. Nf3 d6 4. Nc3 Nc6 5. g3 Bg4 6. d5 Ne5 7. Nxe5 Bxe5 8. Bg2 Bg7
9. O-O Nf6 10. Qa4+ Bd7 11. Qc2 O-O 12. Bg5 a6 13. a4 Qc8 14. Rfd1 e5 15. dxe6 fxe6
16. Bxf6 Bxf6 17. Qe4 Bc6 18. Qc2 Qd7 19. Bxc6 Qxc6 20. Ne4 Be7 21. Nd2 Qb6 22. e3
Bf6 23. Rab1 Rf7 24. Ne4 Be7 25. b3 Raf8 26. Rf1 Qc6 27. Nc3 Qd7 28. Qe2 c6 29. Rbd1
d5 30. cxd5 exd5 31. e4 Bb4 32. Na2 Be7 33. exd5 cxd5 34. Qd2 Bc5 35. Qxd5 Qxd5 36.
Rxd5 Bxf2+ 37. Kg2 Bb6 38. Rxf7 Rxf7 39. Rd2 Rc7 40. Nb4 Ba5 41. Rc2 Rd7 42. Na2
Rd2+ 43. Rxd2 Bxd2 44. Kf3 Kf7 45. h3 Ke6 46. Ke2 Bh6 47. Nc3 Ke5 48. Kd3 Bf8 49.
Ne4 h5 50. g4 Be7 51. gxh5 gxh5 52. Ng3 h4 53. Nh1 Kf4 54. Kc4 Kf3 55. Kd5 Kg2 56.
Ke6 Bb4 57. Kd7 Kxh1 58. Kc7 Kh2 59. Kxb7 a5 60. Kc6 Kxh3 61. Kd5 Kg2 62. Ke4 h3
63. Kf4 h2 64. Kg4 h1=Q 65. Kf4 Qh3 66. Ke4 Qxb3 67. Ke5 Kf3 68. Kf5 Qd5+ 69. Kg6
Kf4 70. Kh6 Qg5+ 71. Kh7 Kf5 72. Kh8 Kf6 73. Kh7 Qg7+  0-1

[Event "British Chess Championships 2023: First Rapidplay U1450"]
[Site "The Venue, De Montfort University, 20 Western Boulevard, Leicester, LE2 7BU"]
[Date "2023.07.21"]
[Round "1"]
[Board "8"]
[White "Ovens, James A"]
[Black "Krishna, Medha"]
[Result "0-1"]
[WhiteElo "1234"]
[BlackElo "790"]
[PlyCount "0"]
[EventDate "2023.07.21"]
[EventRounds "7"]
[EventCountry "ENG"]

1. b3 c6 2. Bb2 d5 3. Nf3 Nf6 4. d3 e6 5. a3 Bd6 6. Nbd2 O-O 7. g3 Bd7 8. Bg2 Qe7
9. e4 Bc7 10. O-O dxe4 11. Nxe4 Nxe4 12. dxe4 Rd8 13. Qd4 f6 14. Qe3 c5 15. Nd2 Bc6
16. Nf3 Nd7 17. c4 b5 18. cxb5 Bxb5 19. Rfe1 Rf8 20. e5 Bb6 21. Qc3 Rac8 22. a4 Ba6
23. Rad1 c4 24. b4 Bc7 25. Rd2 Nb6 26. a5 Na4 27. Qc2 Nxb2 28. Qxb2 Rb8 29. Qc3 Rxb4
30. Nd4 Bb5 31. Nxb5 Rxb5 32. Qxc4 Rc5 33. Qb4 Bxa5 34. Qb2 Bxd2 35. Qxd2 Rd8 36.
Qb2 fxe5 37. Rxe5 Rxe5 38. Qxe5 Rd1+ 39. Bf1 Rd5 40. Qb8+ Rd8 41. Qa8 a5 42. Qf3
a4 43. Bd3 a3 44. Qe2 Ra8 45. Bc4 Kh8 46. Ba2 h6 47. Kg2 Qb7+ 48. f3 Rb8 49. Bxe6
Qb2 50. Qxb2 axb2 51. Kh3 b1=Q  0-1

[Event "British Chess Championships 2023: First Rapidplay U1450"]
[Site "The Venue, De Montfort University, 20 Western Boulevard, Leicester, LE2 7BU"]
[Date "2023.07.21"]
[Round "2"]
[Board "1"]
[White "Rea, William"]
[Black "Boothman, George D"]
[Result "1-0"]
[WhiteElo "1564"]
[BlackElo "1252"]
[PlyCount "0"]
[EventDate "2023.07.21"]
[EventRounds "7"]
[EventCountry "ENG"]

1. c4 g6 2. d4 Bg7 3. Nf3 d6 4. e4 e5 5. dxe5 Bg4 6. exd6 Bxf3 7. Qxf3 Qxd6 8. Nc3
Nf6 9. Bf4 Qb6 10. b3 O-O 11. Be2 Nxe4 12. Nd5 Qc5 13. Qxe4 Bxa1 14. Nxc7 Bc3+ 15.
Kf1 Nc6 16. Nxa8 Rxa8 17. g3 Qd4 18. Bf3 Rd8 19. Kg2 f5 20. Qxd4 Rxd4 21. Bxc6 bxc6
22. Be5 Rd3 23. Bxc3 Rxc3 24. Rd1 Rc2 25. Rd8+ Kg7 26. Rd7+ Kh6 27. Rxa7 g5 28. Ra6
Kh5 29. Rxc6 Rxa2 30. Rc5 Kg6 31. b4 g4 32. b5 Ra5 33. Rc6+ Kg5 34. Rb6 h5 35. Rb8
f4 36. gxf4+ Kxf4 37. b6 h4 38. Rf8+ Kg5 39. b7 h3+ 40. Kf1 Ra1+ 41. Ke2 Ra2+ 42.
Kd3 Ra3+ 43. Kc2 Ra2+ 44. Kb3  1-0

[Event "British Chess Championships 2023: First Rapidplay U1450"]
[Site "The Venue, De Montfort University, 20 Western Boulevard, Leicester, LE2 7BU"]
[Date "2023.07.21"]
[Round "2"]
[Board "2"]
[White "Clare, Philip"]
[Black "Vijayanand, Sanjai Rathinam"]
[Result "1-0"]
[WhiteElo "1371"]
[BlackElo "1226"]
[PlyCount "0"]
[EventDate "2023.07.21"]
[EventRounds "7"]
[EventCountry "ENG"]

1. c4 Nf6 2. Nc3 d5 3. cxd5 Nxd5 4. g3 e5 5. Bg2 Nxc3 6. bxc3 c5 7. e3 Nc6 8. Ne2
Bd6 9. d4 Ne7 10. d5 b6 11. c4 b5 12. cxb5 Qa5+ 13. Bd2 Qxb5 14. O-O Ba6 15. Nc3
Qb7 16. Rb1 Qd7 17. Re1 O-O 18. e4 f5 19. f3 fxe4 20. Nxe4 Bc4 21. Nxd6 Qxd6 22.
f4 exf4 23. Bxf4 Qd7 24. d6 Ng6 25. Bxa8 Rxa8 26. Qf3 Rf8 27. Rb7 Qh3 28. Qc3 Bf7
29. Qxc5 Nxf4 30. gxf4 Qg4+ 31. Kf2 Qxf4+ 32. Ke2 Re8+ 33. Re7 Qg4+ 34. Kd2 Qg2+
35. R1e2 Qg6 36. d7 Qh6+ 37. Qe3 Qd6+ 38. Qd3 Qb4+ 39. Qc3 Qd6+ 40. Ke1 Rxe7 41.
Qc8+ Re8 42. Rxe8+ Bxe8 43. dxe8=Q+  1-0

[Event "British Chess Championships 2023: First Rapidplay U1450"]
[Site "The Venue, De Montfort University, 20 Western Boulevard, Leicester, LE2 7BU"]
[Date "2023.07.21"]
[Round "2"]
[Board "3"]
[White "Hilmi, Sofia"]
[Black "English, Aron"]
[Result "0-1"]
[WhiteElo "1128"]
[BlackElo "1353"]
[PlyCount "0"]
[EventDate "2023.07.21"]
[EventRounds "7"]
[EventCountry "ENG"]

1. e4 e5 2. Nf3 Nc6 3. Nc3 Nf6 4. Bc4 h6 5. d3 Bb4 6. Bd2 Bxc3 7. Bxc3 d6 8. h3 O-O
9. O-O Re8 10. Nh2 d5 11. exd5 Nxd5 12. Qf3 Be6 13. Bb5 Nxc3 14. bxc3 Qg5 15. c4
Nd4 16. Qxb7 Reb8 17. Qxc7 Bxh3 18. Bc6 Nxc6 19. Qxc6 Re8 20. Kh1 Be6 21. Nf3 Qh5+
22. Kg1 f6 23. Rab1 Rad8 24. Rb7 Bf7 25. Rxa7 Qg6 26. Rb1 Rf8 27. Rbb7 e4 28. Ne1
exd3 29. cxd3 Rfe8 30. Rxf7 Rxe1+ 31. Kh2 Qh5+ 32. Kg3 Rxd3+ 33. Kf4 Qg5#  0-1

[Event "British Chess Championships 2023: First Rapidplay U1450"]
[Site "The Venue, De Montfort University, 20 Western Boulevard, Leicester, LE2 7BU"]
[Date "2023.07.21"]
[Round "2"]
[Board "4"]
[White "Patel, Diah"]
[Black "Krishna, Vedansh"]
[Result "1-0"]
[WhiteElo "1331"]
[BlackElo "1013"]
[PlyCount "0"]
[EventDate "2023.07.21"]
[EventRounds "7"]
[EventCountry "ENG"]

1. e4 c6 2. d4 d5 3. e5 Bf5 4. Nf3 e6 5. g3 Bb4+ 6. Bd2 Bxd2+ 7. Qxd2 Ne7 8. Bg2
O-O 9. O-O Qb6 10. b3 a5 11. Nc3 Qb4 12. a3 Qb6 13. h3 Be4 14. Nxe4 dxe4 15. Ng5
Nf5 16. Bxe4 Nxd4 17. Bxh7+ Kh8 18. Qd1 g6 19. Qg4 Nf5 20. h4 Qd4 21. Qf3 f6 22.
Nxe6 Qxe5 23. Nxf8 Kg7 24. Bxg6 Nd4 25. Qd3 Kxf8 26. Rae1 Qd5 27. Re8+ Kg7 28. Be4
Qd7 29. Bg6 Qd5 30. Re7+ Kf8 31. Rf7+ Kg8 32. Rxf6 Kg7 33. Rf7+ Kg8 34. Rf4 c5 35.
Bf7+ Qxf7 36. Rxf7 Kxf7 37. Qc4+ Ne6 38. Re1 Ra6 39. b4 axb4 40. axb4 cxb4 41. Qxb4
b6 42. Qb3 b5 43. Qxb5 Nd4 44. Qd5+ Ne6 45. Qb7+ Nc7 46. Qxc7+ Kf6 47. Qxb8 Rc6 48.
Qe5+ Kf7 49. Qd5+ Re6 50. Rxe6 Kf8 51. Qf5+ Kg7 52. Rg6+ Kh7 53. Qh5#  1-0

[Event "British Chess Championships 2023: First Rapidplay U1450"]
[Site "The Venue, De Montfort University, 20 Western Boulevard, Leicester, LE2 7BU"]
[Date "2023.07.21"]
[Round "2"]
[Board "5"]
[White "Krishna, Medha"]
[Black "Butler, Rene"]
[Result "0-1"]
[WhiteElo "790"]
[BlackElo "1359"]
[PlyCount "0"]
[EventDate "2023.07.21"]
[EventRounds "7"]
[EventCountry "ENG"]

1. e4 c5 2. Bc4 d6 3. Nf3 Nf6 4. d3 g6 5. O-O Bg7 6. h3 O-O 7. Nc3 a6 8. Be3 b5 9.
Bd5 Nxd5 10. Nxd5 Bb7 11. Qd2 Bxd5 12. exd5 Bxb2 13. Rab1 Bg7 14. Bh6 Nd7 15. c4
b4 16. Bxg7 Kxg7 17. Qb2+ Kg8 18. Ne1 Ne5 19. d4 Nd7 20. Nc2 a5 21. Ne3 e6 22. dxc5
Nxc5 23. Ng4 e5 24. f4 Qb6 25. Kh1 f6 26. fxe5 fxe5 27. Rxf8+ Rxf8 28. Qc1 Rf4 29.
g3 Nd3 30. Qd2 Nf2+ 31. Kg2 Ne4 32. Qc2 Rxg4 33. hxg4 Qe3 34. Kf1 Nd2+ 35. Kg2  0-1

[Event "British Chess Championships 2023: First Rapidplay U1450"]
[Site "The Venue, De Montfort University, 20 Western Boulevard, Leicester, LE2 7BU"]
[Date "2023.07.21"]
[Round "2"]
[Board "6"]
[White "Van Neerven, Yvon"]
[Black "Boothman, Jeffrey A"]
[Result "0-1"]
[WhiteElo "1228"]
[BlackElo "1352"]
[PlyCount "0"]
[EventDate "2023.07.21"]
[EventRounds "7"]
[EventCountry "ENG"]

1. d4 d6 2. e4 Nf6 3. Nc3 c6 4. Nf3 Qa5 5. Bg5 Nxe4 6. Bd2 Nxc3 7. Bxc3 Qc7 8. Qe2
Bg4 9. h3 Bxf3 10. Qxf3 Nd7 11. Qxf7+ Kxf7 12. Bd3 e6 13. O-O Nf6 14. Rfe1 Be7 15.
Re2 Rhe8 16. Rae1 Bf8 17. f4 Kg8 18. h4 Nd5 19. Bc4 Nxf4 20. Rf2 Nd5 21. Rfe2 Qd7
22. Re4 Re7 23. Bd2 Rae8 24. Bg5 Rf7 25. Bxd5 cxd5 26. R4e2 Be7 27. Rxe6 Kf8 28.
b3 Bxg5 29. Rxe8+ Qxe8 30. Rxe8+ Kxe8 31. hxg5 h6 32. gxh6 gxh6 33. g4 Rg7 34. Kf2
Rf7+ 35. Kg3 Ke7 36. Kh4 Kf6 37. Kh5 Rh7 38. c4 dxc4 39. bxc4 b6 40. Kh4 Rc7 41.
c5 bxc5 42. dxc5 dxc5 43. Kg3 Rd7 44. Kf3 c4 45. Ke3 c3 46. Ke2 c2 47. Kf2 c1=Q 48.
Kg3 Kg5 49. Kh3 Rd3+ 50. Kg2 Qe1 51. Kh2 Qg3+ 52. Kh1 Rd1#  0-1

[Event "British Chess Championships 2023: First Rapidplay U1450"]
[Site "The Venue, De Montfort University, 20 Western Boulevard, Leicester, LE2 7BU"]
[Date "2023.07.21"]
[Round "2"]
[Board "7"]
[White "Ewart, Samuel"]
[Black "Dean, Phil"]
[Result "1-0"]
[WhiteElo "1086"]
[BlackElo "1278"]
[PlyCount "0"]
[EventDate "2023.07.21"]
[EventRounds "7"]
[EventCountry "ENG"]

1. d4 Nf6 2. Bf4 e6 3. Nf3 Bb4+ 4. c3 Ba5 5. e3 O-O 6. Bd3 d5 7. Nbd2 Bb6 8. Qc2
g6 9. O-O-O c5 10. dxc5 Bxc5 11. h4 Nh5 12. Rdf1 Nc6 13. g4 Nxf4 14. exf4 e5 15.
fxe5 Bxg4 16. Rfg1 Bxf3 17. Nxf3 Re8 18. h5 Nxe5 19. Nxe5 Rxe5 20. hxg6 fxg6 21.
Bxg6 Re1+ 22. Rxe1 Qg5+ 23. Kb1 hxg6 24. Reg1 Qf6 25. Rxg6+ Qxg6 26. Qxg6+ Kf8 27.
Rh8+ Ke7 28. Rh7+ Kf8 29. Qf7#  1-0

[Event "British Chess Championships 2023: First Rapidplay U1450"]
[Site "The Venue, De Montfort University, 20 Western Boulevard, Leicester, LE2 7BU"]
[Date "2023.07.21"]
[Round "2"]
[Board "8"]
[White "Ewart, Thomas"]
[Black "Ovens, James A"]
[Result "0-1"]
[WhiteElo "1002"]
[BlackElo "1234"]
[PlyCount "0"]
[EventDate "2023.07.21"]
[EventRounds "7"]
[EventCountry "ENG"]

1. e4 g6 2. d4 Bg7 3. Nf3 d6 4. Nc3 a6 5. Bc4 Bg4 6. Bf4 Nc6 7. d5 Nd4 8. Qxd4 Bxd4
9. Nxd4 b5 10. Ncxb5 axb5 11. Bxb5+ Kf8 12. Nc6 Qe8 13. f3 Bd7 14. O-O Bxc6 15. Bxc6
Qc8 16. Bxa8 Qxa8 17. Rfb1 Nf6 18. a4 Nd7 19. b4 Kg7 20. a5 Rb8 21. Bg5 f6 22. Be3
Qa6 23. b5 Rxb5 24. Rxb5 Qxb5 25. a6 Qb8 26. a7 Qa8 27. Rb1 Kf8 28. Bd4 Ke8 29. f4
e5 30. dxe6 Nb6 31. Bxf6 Qxa7 32. e7 Nd7+ 33. Kh1 Nxf6 34. e5 dxe5 35. fxe5 Nd5 36.
Rd1 Nxe7 37. e6 c6 38. h3 Nd5 39. c4 Nf6 40. Rg1 Ke7 41. Re1 Qa5 42. Re2 Qa6 43.
Rd2 Qxc4 44. Rd7+ Nxd7 45. exd7 Kxd7 46. Kh2 Qd3 47. g4 c5 48. h4 c4 49. Kg2 c3 50.
Kf2 c2 51. h5 c1=Q 52. Kg2 Qcc2+ 53. Kg1 Qdd1#  0-1

[Event "British Chess Championships 2023: First Rapidplay U1450"]
[Site "The Venue, De Montfort University, 20 Western Boulevard, Leicester, LE2 7BU"]
[Date "2023.07.21"]
[Round "3"]
[Board "1"]
[White "English, Aron"]
[Black "Clare, Philip"]
[Result "0-1"]
[WhiteElo "1353"]
[BlackElo "1371"]
[PlyCount "0"]
[EventDate "2023.07.21"]
[EventRounds "7"]
[EventCountry "ENG"]

1. e4 c5 2. Nf3 Nc6 3. c3 Nf6 4. d3 e5 5. Bg5 Be7 6. Nbd2 d5 7. Bxf6 Bxf6 8. Be2
d4 9. O-O O-O 10. Re1 Ne7 11. Bf1 Ng6 12. g3 Bg4 13. h3 Be6 14. a3 Qd7 15. Kh2 Be7
16. Ng1 f5 17. exf5 Rxf5 18. Ndf3 Raf8 19. Bg2 Bd5 20. c4 Bc6 21. b4 a6 22. bxc5
h5 23. h4 Bxc5 24. Bh3 Qf7 25. Bxf5 Qxf5 26. Kg2 e4 27. dxe4 Bxe4 28. Ra2 Ne5 29.
Rxe4 Qxe4 30. Qe2 Qxe2 31. Rxe2 Nxc4 32. Rc2 b5 33. Ng5 d3 34. Ra2 d2 35. Ra1 Rxf2+
36. Kh3 Ne3 37. Ne4 Rf1 38. Rxf1 Nxf1 39. Nc3 Bxg1 40. Kg2 Bd4 41. Nd1 Ne3+  0-1

[Event "British Chess Championships 2023: First Rapidplay U1450"]
[Site "The Venue, De Montfort University, 20 Western Boulevard, Leicester, LE2 7BU"]
[Date "2023.07.21"]
[Round "3"]
[Board "2"]
[White "Boothman, Jeffrey A"]
[Black "Patel, Diah"]
[Result "0-1"]
[WhiteElo "1352"]
[BlackElo "1331"]
[PlyCount "0"]
[EventDate "2023.07.21"]
[EventRounds "7"]
[EventCountry "ENG"]

1. Nf3 Nc6 2. d3 Nf6 3. e4 e5 4. c3 g6 5. Bg5 Bg7 6. Be2 h6 7. Bd2 O-O 8. Na3 d6
9. O-O Be6 10. Nc2 d5 11. exd5 Nxd5 12. Ne3 Nf4 13. Re1 Nxe2+ 14. Qxe2 g5 15. Red1
f5 16. Ne1 f4 17. Nf1 Ne7 18. Nf3 Ng6 19. Re1 g4 20. Nxe5 Bxe5 21. d4 f3 22. Qe3
fxg2 23. dxe5 gxf1=Q+ 24. Kxf1 Qh4 25. Kg1 Rf3 26. Qe2 Raf8 27. Rf1 Qh3 28. Be3 Bd5
29. Rad1 Bc6 30. Qc4+ Kh8 31. e6 Rg3+  0-1

[Event "British Chess Championships 2023: First Rapidplay U1450"]
[Site "The Venue, De Montfort University, 20 Western Boulevard, Leicester, LE2 7BU"]
[Date "2023.07.21"]
[Round "3"]
[Board "3"]
[White "Butler, Rene"]
[Black "Hilmi, Sofia"]
[Result "1-0"]
[WhiteElo "1359"]
[BlackElo "1128"]
[PlyCount "0"]
[EventDate "2023.07.21"]
[EventRounds "7"]
[EventCountry "ENG"]

1. b4 e5 2. Bb2 d6 3. b5 c6 4. c4 Nf6 5. e3 Be6 6. Nf3 e4 7. Nd4 d5 8. Nxe6 fxe6
9. Be2 Bc5 10. O-O O-O 11. d4 exd3 12. Bxd3 Bd6 13. Nd2 Nbd7 14. Nf3 e5 15. Bf5 e4
16. Nd4 Qc8 17. Rc1 Be5 18. cxd5 Bxd4 19. Bxd4 Nxd5 20. bxc6 Rxf5 21. cxd7 Qxd7 22.
Qb3 Kh8 23. Rfd1 b6 24. Qc4 Raf8 25. Rd2 Qf7 26. Rcc2 h6 27. Bb2 a5 28. Ba3 Re8 29.
Bd6 Rd8 30. Bg3 Rf8 31. a3 Ne7  1-0

[Event "British Chess Championships 2023: First Rapidplay U1450"]
[Site "The Venue, De Montfort University, 20 Western Boulevard, Leicester, LE2 7BU"]
[Date "2023.07.21"]
[Round "3"]
[Board "4"]
[White "Boothman, George D"]
[Black "Ewart, Samuel"]
[Result "1-0"]
[WhiteElo "1252"]
[BlackElo "1086"]
[PlyCount "0"]
[EventDate "2023.07.21"]
[EventRounds "7"]
[EventCountry "ENG"]

1. e4 d6 2. d4 g6 3. c3 Bg7 4. Nf3 e5 5. dxe5 dxe5 6. Qxd8+ Kxd8 7. Bc4 Ke8 8. Be3
Nc6 9. O-O Bg4 10. Ng5 Nh6 11. h3 Bd7 12. Nd2 f6 13. Ne6 Bxe6 14. Bxe6 Ke7 15. Bb3
Raf8 16. Rad1 f5 17. Bc5+ Ke8 18. Bxf8 Rxf8 19. exf5 Nxf5 20. Ba4 h5 21. Bxc6+ bxc6
22. Rfe1 g5 23. Nc4 Nh4 24. Nxe5 Bxe5 25. Rxe5+ Kf7 26. Rxg5 Rh8 27. Rd7+ Ke6 28.
Rxc7 Kf6 29. Rc5 Re8 30. R7xc6+ Kf7 31. Kf1 Kg7 32. Rxh5 Rd8 33. Rxh4 Rd2 34. Rb4
a5 35. Rb7+ Kf8 36. Rc8+ Rd8 37. Rxd8#  1-0

[Event "British Chess Championships 2023: First Rapidplay U1450"]
[Site "The Venue, De Montfort University, 20 Western Boulevard, Leicester, LE2 7BU"]
[Date "2023.07.21"]
[Round "3"]
[Board "6"]
[White "Vijayanand, Sanjai Rathinam"]
[Black "Krishna, Medha"]
[Result "1-0"]
[WhiteElo "1226"]
[BlackElo "790"]
[PlyCount "0"]
[EventDate "2023.07.21"]
[EventRounds "7"]
[EventCountry "ENG"]

1. e4 c6 2. d4 d5 3. e5 Bf5 4. Bd3 Bxd3 5. Qxd3 e6 6. f4 Nd7 7. Nf3 c5 8. dxc5 Bxc5
9. Be3 Ne7 10. Kf2 Qc7 11. Rf1 O-O 12. Kg1 Nf5 13. Nd4 Qb6 14. Nd2 Bxd4 15. Bxd4
Nxd4 16. Kh1 Nc6 17. b3 Nc5 18. Qh3 h6 19. f5 Qa6 20. Rf3 Nxe5 21. Rg3 f6 22. Qxh6
g5 23. Rh3 Kf7 24. Rf1 Ke7 25. fxe6 Qxe6 26. Nf3 Nxf3 27. Rhxf3 Ne4 28. Qh7+ Kd8
29. Qxb7 Rc8 30. Qxa7 Nd2 31. Qa5+ Kd7 32. Qxd2 Qe5 33. Rd3 Kd6 34. c4  1-0

[Event "British Chess Championships 2023: First Rapidplay U1450"]
[Site "The Venue, De Montfort University, 20 Western Boulevard, Leicester, LE2 7BU"]
[Date "2023.07.21"]
[Round "3"]
[Board "7"]
[White "Krishna, Vedansh"]
[Black "Van Neerven, Yvon"]
[Result "0-1"]
[WhiteElo "1013"]
[BlackElo "1228"]
[PlyCount "0"]
[EventDate "2023.07.21"]
[EventRounds "7"]
[EventCountry "ENG"]

1. d4 e5 2. c3 d5 3. Nf3 exd4 4. cxd4 Nf6 5. Bf4 Nc6 6. e3 Bb4+ 7. Nbd2 Be6 8. Bb5
O-O 9. Qb3 Rb8 10. Ne5 Bxd2+ 11. Kxd2 Nxe5 12. dxe5 Ng4 13. Ke2 d4 14. Bc4 Bxc4+
15. Qxc4 dxe3 16. fxe3 Qe7 17. e6 Rbc8 18. exf7+ Qxf7 19. Qxf7+ Rxf7 20. h3 Nf6 21.
Rad1 c6 22. g4 Re8 23. Rd4 Nd5 24. Rf1 Rfe7 25. Rf3 Nxf4+ 26. Rdxf4 Rd8 27. e4 Red7
28. h4 Rd2+ 29. Ke1 Rxb2 30. h5 h6 31. Rb3 Rxb3 32. axb3 Rd3 33. b4 Rb3 34. e5 Re3+
35. Kd2 Rxe5 36. Rf5 Rxf5 37. gxf5 Kf7 38. Ke3 Kf6 39. Kf4 b6 40. Ke4 c5 41. b5 c4
42. Kd4 Kxf5 43. Kxc4 Kg5 44. Kd5 Kxh5 45. Kc6 g5 46. Kb7 g4 47. Kxa7 g3 48. Kxb6
g2 49. Ka7 g1=Q+ 50. b6 Qa1+ 51. Kb7 Qb2 52. Kc7 Qc3+ 53. Kb7 Qb4 54. Ka6 Qd6 55.
Ka7 Qc5 56. Ka6 Qc6 57. Ka5 Qb7 58. Kb5 Kg5 59. Kc5 h5 60. Kb5 h4 61. Ka5 h3 62.
Kb5 h2 63. Kc5 h1=Q 64. Kb5 Qhc6+ 65. Ka5 Qbxb6#  0-1